000 00349nam a2200157Ia 4500
003 0STCL
008 150530s9999 xx 000 0 und d
040 _aSTCL
_cSTCL
100 _aJones, T.E.
245 _aWorked examples A level physics
260 _c1979
546 _aEnglish
942 _2ddc
_cBK
999 _c27709
_d27709
005 20220125170114.0